| 000 | 01389cam a2200277 i 4500 | ||
|---|---|---|---|
| 003 | SA-RiAUC | ||
| 005 | 20250725114834.0 | ||
| 008 | 250724q19001999le g 00000 ara c | ||
| 040 |
_aSA-JeALM _bara _cSA-RiAUC _erda |
||
| 082 | 0 | 4 | _a227.6 |
| 090 |
_a227.6 _bب ي ض |
||
| 100 | 1 |
_aالبيضاوي، عبد الله بن عمر بن محمد، _dتوفي 685 هجري _eمؤلف. |
|
| 245 | 1 | 0 |
_aأنوار التنزيل وأسرار التأويل، المعروف، بتفسير البيضاوي / _cتأليف البيضاوي. بهامشه حاشية الكازروني. |
| 246 | 3 | 3 | _aتفسير البيضاوي |
| 264 | 1 |
_aبيروت : _bدار صادر، _c[بين 1900 و1999] |
|
| 300 |
_a5 مجلد في 2 ؛ _c28 سم. |
||
| 336 |
_aنص _btxt _2rdacontent _3كتاب |
||
| 337 |
_aبدون وسيط _bn _2rdamedia |
||
| 338 |
_aمجلد _bnc _2rdacarrier |
||
| 562 | _aعلى صفحة الغلاف دار الفكر | ||
| 630 | 2 | 7 |
_aالقرآن _xتفاسير مأثورة _2aucut |
| 700 | 1 | 2 |
_aالكازروني، أبو الفضل القرشي الصديقي الخطيب، _dتوفي 940 هجري _tحاشية الكازروني على أنوار التنزيل وأسرار التأويل. |
| 740 | 0 | 2 | _aحاشية الكازروني على أنوار التنزيل وأسرار التأويل. |
| 942 |
_2ddc _cBOOK _n0 |
||
| 949 |
_aSA-JeALM _d250724 _uosman123 _n1 |
||
| 999 |
_c10280 _d10280 |
||